000
00266 a2200121 4500
001
75320
082
_a
005.133 ROJ
090
_c
39113
_d
39113
100
_a
Rojiani K.B
245
_a
Programming in C
_h
English
260
_a
USA
_b
Prentice Hall
300
_a
1130p
942
_a
CAE NUST
_k
005.133 ROJ
999
_c
310393
_d
310393